000 00864nam a2200253Ia 4500
003 OSt
005 20260109114729.0
008 220909b |||||||| |||| 00| 0 eng d
020 _a1884964966(Set)
037 _cReference Collections
040 _aCSL
_beng
_cCSL
041 _aeng
084 _aH6k N9.2 RR
_qCSL
245 0 _aEncyclopedia of Paleontology
260 _aChicago:
_bFitzroy Dearborn Publishers,
_c1999.
300 _axiii, 689-1435p.
_b: ill.
500 _aIncludes bibliographical references; Appendix 1357-1358p; Indexes 1361-1435p
650 _a Encyclopedia
_9863334
650 _a Paleontology
_9863335
650 _aGeology
_9863336
700 _aSinger, Ronald
_eeditor.
_9863337
942 _hH6k N9.2 RR
_cREF
_2CC
_n0
999 _c99212
_d99212